365 zen : (Record no. 154683)

MARC details
000 -CABECERA
campo de control de longitud fija 00652nam a2200217 u 4500
005 - FECHA Y HORA DE LA ÚLTIMA TRANSACCIÓN
campo de control 20250227063817.0
008 - ELEMENTOS DE LONGITUD FIJA--INFORMACIÓN GENERAL
campo de control de longitud fija 111123s2005 es r 000 0 spa d
020 ## - NÚMERO INTERNACIONAL NORMALIZADO PARA LIBROS
Número Internacional Estándar del Libro 847556383X
035 ## - NÚMERO DE CONTROL DEL SISTEMA
Número de control de sistema UPN01000182580
049 ## - COLECCIÓN
Colección CG
050 #4 - SIGNATURA TOPOGRÁFICA DE LA BIBLIOTECA DEL CONGRESO
Número de clasificación BQ9265.4
Número de documento/Ítem T7.3
245 00 - MENCIÓN DE TÍTULO
Título 365 zen :
Resto del título una iluminación para cada día : el pequeño gran libro del "aqui y ahora" /
Mención de responsabilidad, etc. ed. Francis Amalfi.
260 ## - PUBLICACIÓN, DISTRIBUCIÓN, ETC.
Lugar de publicación, distribución, etc. Barcelona, Esp. :
Nombre del editor, distribuidor, etc. Océano,
Fecha de publicación, distribución, etc. 2005.
300 ## - DESCRIPCIÓN FÍSICA
Extensión [365] p.
650 #4 - ASIENTO SECUNDARIO DE MATERIA - TERMINO TEMATICO
Término de materia o nombre geográfico como elemento de entrada BUDISMO ZEN
9 (RLIN) 2294
650 #4 - ASIENTO SECUNDARIO DE MATERIA - TERMINO TEMATICO
Término de materia o nombre geográfico como elemento de entrada MEDITACION
9 (RLIN) 5887
650 #2 - ASIENTO SECUNDARIO DE MATERIA - TERMINO TEMATICO
Término de materia o nombre geográfico como elemento de entrada Filosofía Oriental
9 (RLIN) 16001
700 1# - ASIENTO SECUNDARIO--NOMBRE DE PERSONAL
Nombre de persona Amalfi, Francis,
Término indicativo de función/relación ed.
9 (RLIN) 42613
905 ## - TIPO DE MATERIAL
Tipo de material Libro
Holdings
Estado de retiro Estado de pérdida Fuente del sistema de clasificación o colocación Estado dañado No para préstamo Código de colección Localización permanente Ubicación/localización actual Ubicación en estantería Total de préstamos Clasificación Código de barras Fecha visto por última vez Número de copia Tipo de ítem Koha
    Library of Congress Classification     Colección General Bib. Gregorio Torres Quintero Bib. Gregorio Torres Quintero Planta baja 8 BQ9265.4 T7.3 279591 31/12/2020 1 Libro